A Duna Borrégió jelentősége Magyarország turizmusában

Bibliographic Details
Main Author: Boros Brigitta
Other Authors: Csizmadia Dr. András
Format: Thesis
Kulcsszavak:Duna Borrégió
Csongrádi borvidék
Hajós-Bajai borvidék
Kunsági borvidék
Borturizmus
Online Access:http://dolgozattar.uni-bge.hu/2871

MARC

LEADER 00000nta a2200000 i 4500
001 dolg2871
005 20151012141751.0
008 150514suuuu hu om 000 hun d
040 |a BGE Dolgozattár Repozitórium  |b hun 
041 |a hu 
100 1 |a Boros Brigitta 
245 1 2 |a A Duna Borrégió jelentősége Magyarország turizmusában  |c Boros Brigitta  |h [elektronikus dokumentum] 
246 1 1 |a A Duna Borrégió jelentősége Magyarország turizmusában 
695 |a Duna Borrégió 
695 |a Csongrádi borvidék 
695 |a Hajós-Bajai borvidék 
695 |a Kunsági borvidék 
695 |a Borturizmus 
700 1 |a Csizmadia Dr. András  |e ths 
856 4 0 |u http://dolgozattar.uni-bge.hu/2871/1/Szakdolgozat_Boros_Brigitta.pdf  |z Dokumentum-elérés